| 000 | 01821nam a2200241Ia 4500 | ||
|---|---|---|---|
| 008 | 260220t1967||||xx |||||||||||||| ||spa|| | ||
| 040 |
_aPY-SlUNAC _bspa _erda |
||
| 041 | _aspa | ||
| 082 |
_a543.085 _bM567m |
||
| 245 | 0 | _aMétodos instrumentales de análisis | |
| 250 | _aCuarta edición | ||
| 264 |
_aCiudad de México : _bContinental, _c℗1967. |
||
| 300 | _a1 volumen | ||
| 520 | _aEl libro "Métodos instrumentales de análisis", publicado en 1967 por Continental en Ciudad de México, presenta una revisión exhaustiva de las técnicas modernas utilizadas en el análisis químico. A lo largo de sus capítulos, se abordan diversas metodologías instrumentales, incluyendo espectroscopía, cromatografía y electroquímica, destacando su aplicación en la investigación científica y la industria. El texto enfatiza la importancia de la precisión y la exactitud en los resultados analíticos, así como la necesidad de un enfoque sistemático en la selección de métodos según las características de las muestras. Además, se incluyen ejemplos prácticos y estudios de caso que ilustran la implementación de estos métodos en situaciones reales. A través de un lenguaje accesible y detallado, el autor busca no solo informar sobre las técnicas existentes, sino también fomentar la comprensión crítica y la capacidad de evaluación de los instrumentos, promoviendo así el avance del análisis químico en diversas disciplinas. Este libro se convierte en una referencia clave para estudiantes e investigadores en el campo. | ||
| 653 | _aInstrumentación | ||
| 653 | _aMétodos de análisis | ||
| 653 | _aQuímica analítica | ||
| 942 |
_b2026/02/17 _cBK |
||
| 999 |
_c7900 _d7900 |
||